000 00481nam a2200193Ia 4500
005 20250425161612.0
008 250425s9999 xx 000 0 und d
020 _a0879097744
041 _aeng
082 _a621.38152
100 _aCOOPER, WILLIAM D.
245 0 _aSOLID-STATE DEVICES: ANALYSIS AND APPLICATION
250 _a1ST ED.
260 _aEstados Unidos
_bRESTON PUBLISHING
_c1974
260 _aVIRGINIA CITY
300 _a451
942 _c01
010 _a24043
999 _c212392
_d212392